00664cam a2200193 a 450000100100000000500170001000800410002704000290006808200180009710000360011524500590015126000500021030000280026065000270028865000300031565100540034565100540039965000170045300001866020260206104111.0891205s1971 nyu 000 0 eng d aDO-SdBNPbengcLCdBNPHU a814.54bD357r1 aDellinger, David T.,d1915-200410aRevolutionary nonviolence :bessays /cDave Dellinger. aGarden City, New York :bAnchor Books,c1971. axxvii, 490 p. ;c18 cm. 4aEnsayos estadounidense 4aLiteratura estadounidense 4aEstados UnidosxRelaciones Exterioresy1945-1989. 4aEstados UnidosxPolítica Y Gobiernoy1945-1989. 0aNo-violencia